000 00609nam a22001817a 4500
003 OSt
005 20250725030348.0
008 250725b |||||||| |||| 00| 0 eng d
020 _a978-93-91383-63-3
040 _aDWC-Main Lib
_cOC
082 _aRes. 005.133 V522b 2023
100 _aVerma, Agya Ram
245 _aBasic and advance python programming/
_cAgya Ram Verma
260 _aNew Delhi :
_bNipa Genx Electronic Resources & Solution P.LTD,
_cc2023.
300 _aviii, 219 pages :
_billustrations ;
_c23cm.
650 _a1. Phyton- programming--programming language.
942 _2ddc
_cBK-0 CIRC
_kRes.
_n0
999 _c3810
_d3810